00723nam a2200205 a 4500001000800000005001700008008004100025020001500066040001800081050001800099100002100117245005600138260010400194300002800298504003100326650003700357942001100394999001100405952010100416BRCA_3720190320202844.0930506s1994 enka---##b---#001-0#eng-# a0415080169 aDLCcDLCdDLC 4aAM5b.C6 19941 aDean, David917010aMuseum exhibitionbTheory and PracticecDavid Dean. aLondres ; Nueva YorkbThe Conservation Unit of the Museums & Galleries Commission ; Routledgec1994 axi, 177 p.bil.c26 cm. aBibliografía: p. 169-17214aMuseografíavExposiciones9171 2lcccB c37d37 00104070aBRCAbBRCAd2008-06-25l0oAM5 .C6 1994p00032_1r2019-03-23 00:00:00w2019-03-23yB